000 00533nam a2200157Ia 4500
008 260520s2017 xx 000 0 und d
041 _amar
082 _a181.4/BHA
100 _aभावे, विनोबा
245 _aविनोबा - जीवन - दर्शन
250 _a2nd ed
260 _aमुंबई
_bमहाराष्ट्र राज्य साहित्य आणि संस्कृती मंडळ
_c2017
300 _a808p.
500 _aCat No: 15195
650 _aPHYLOSOPHY
999 _c1221919
_d1221919